| 000 | 00752cam a22001934a 4500 | ||
|---|---|---|---|
| 005 | 20250605164241.0 | ||
| 008 | 250528s ||||||||||||||||||||||||d | ||
| 035 | _a21337 | ||
| 020 | _a9781439809341 | ||
| 040 |
_aGR-AtMCL _bgre _dGR-AtMCL _eAACR2 |
||
| 245 | 1 | _aPeer-to-Peer Computing / Applications, Architecture, Protocols, and Challenges | |
| 260 |
_bCrc Press, _c2012 |
||
| 300 | _a202 | ||
| 520 | _aThis book presents practical applications of recent theoretical results in P2P computing. Preface, Introduction, P2P Applications, P2P Network Architectures, Topology Control, Incentives, Trust, Security Issues, Conclusion, Bibliography, Index. | ||
| 700 | 1 |
_aKwok Yu-Kwong Ricky _97396 |
|
| 942 | _cBK | ||
| 999 |
_c6402 _d6402 |
||